000 00497nam a22001817a 4500
005 20241031173840.0
008 241031b |||||||| |||| 00| 0 eng d
020 _a9789996002328
050 _aRT41.
_bL87 BLA
100 _aBlack, Joyce M.
245 _aMedical Surgical Nursing/
_bClinical management for positive outcomes
250 _a7th
260 _aUSA
_bElsever Saunders
_cc2005
300 _axi, 2512p
500 _aIncludes Index
700 _aHawks, Jane Hokanson
942 _2lcc
_cBK
_n0
999 _c491
_d491